Документы и доверенности на получение мандатов на VII-й Съезд Советов СССР с совещательным голосом

Доступно только в Электронных читальных залах Найти на картеНа карте
RUSMARC
00004429nac2a22003013x 450
001fcb937eb-e7fb-4f1b-8d66-8f17019d3efc
00520210716183146.0
100##$a20210612l1935 k y0rusy50 ca
1010#$arus
$aukr
102##$aRU
105##$ay z |||||
1220#$ad19350131
1220#$ad193501
2001#$aДокументы и доверенности на получение мандатов на VII-й Съезд Советов СССР с совещательным голосом
$jЯнварь 1935
215##$a54 листа
251##$cДело
300##$aЗаголовок дела на папке: Документы и доверенности на получение мандатов на VII-й Съезд Советов СССР. С совещательным голосом. Январь 1935 год
300##$aЧасть текста на украинском языке
300##$aЧасть текста машинописная и рукописная, часть - напечатана типографским способом
330##$aВходит в раздел описи: VII-й Съезд Советов
461#0$1001796d4672-8a00-4986-b488-6e42273792cc
$12001
$aЦЕНТРАЛЬНЫЙ ИСПОЛНИТЕЛЬНЫЙ КОМИТЕТ СССР (ЦИК СССР)
$1251
$cФонд
$1852
$j3316
$gР
462#0$10012246e4af-064a-4b66-b386-cae0ddb7fb2d
$12001
$aДела 7-го Съезда Советов и 1-й, 2-й, 3-й, 4-й Сессий 7-го созыва. 1935-1937 гг.
$vД. 59
$1251
$cОпись
$1852
$j7
5171#$aДокументы и доверенности на получение мандатов на VII-й Съезд Советов СССР. С совещательным голосом. Январь 1935 год
60101$3RU\NLR\AUTH\880357276
$aСССР
$bЦИК
6011|$3RU\NLR\AUTH\661048804
$aСССР. Съезд советов 7-й
801#0$aRU
$bGA_RF
801#1$aRU
$bГлавНИВЦ
$c20210612
$2rusmarc
801#2$aRU
$bПБ им. Б.Н. Ельцина
$c20210716
$gRCR
$2rusmarc
852##$aГА РФ
$j59
937##$d166297607
$hГАРФ
035##$aRuPRLIB51060519
856##$uhttp://readingroom.main.prlib.ru/item.aspx?id_node=n166297607&mode=full
Формат отображения